000 00405nam a2200145Ia 4500
008 240126s9999 xx 000 0 und d
041 _aEnglish
082 _aBBA-BHM
245 0 _aHospitality Biz (2017 -
260 _bBharat Bahal on behalf of Saffron Synergies Pvt Ltd.
_aMumbai
440 _aNULL
650 _aHospitality,Biz,(2017,-,Hotel Management
650 _aHotel Management
942 _cJN
999 _c281398
_d281398